LYKN song by lyrics - Statistics

General Stats
  • This quiz has been taken 8 times
  • The average score is 13 of 20
Answer Stats
Song Lyrics % Correct
Kot hong kot ao man kot cing loey wa rak rao
Kot hong kot ao kot ja hong hong
Kot hong kot ao man kot cing loey wa rak rao
Kot hong kot ao kot ja hong hong
SUGOI
100%
Mai mi krai kao ma hai cheun jai dtae pho jer ter man go feun mai Haeng ma tao rai meuan dai jer nam rot ma hai cham jai CHARM
75%
Nǐ hǎo, annyeong, bonjour
Konnichiwa, how are you?
Mi kwam nai jai yak hai roo
FIRST SIGHT
75%
Rui phit thi chan yu kap thoe samoe
Tae dan phut ok pai kap thoe wa rak
Thoe loei phut ma pen phuean muean doem dai haimai
Foreground
75%
Mai tong kae dtua tha ja loek chua
Mai tong phuut waa yang rak
Chan mai yaak dai yin arai thang nan
No way
75%
Rak mai lok mai rak go kong mai yok Rak ni mai dai lok na ter na Trick Or Treat
75%
Chan kaojai kong dtong hai wela
Lop reuangrao rai rai ti phan ma
Reuang nan mai bpen rai
Dtae fang chan noi dai mai
TRUST ME
75%
Pin khao khuen sung baep Everest
Kon hin kon nai rue cha Stonehenge
Chan cha yot thuk wan baep mai wen
Drip
63%
Tha koet chan mai phut cha baep nan
Rao khong mai yaek chak kan baep ni
Thi thoe doen chak pai wan nan, chan yang sia jai chon wan ni
Yak kho thi, tae thoe khong mai yom klap ma
If only
63%
If I'm your type
Ja ro arai
Ti ter dtong gan bok gan di
Khae phiang sop dta chan wa kong mai dai
I know you want me
63%
Chan mai roo mai koi gla dao wa ter rak kao mak tao rai Dtae chan kae roo lae go nae jai wa kao nan mai dai rak ter MAY I?
63%
Kae aep rak chan kong mai dtai
Dtae ta mai mi ter kong yu mai wai
Mai prom ja laek arai gap gan mai mi ter
NO WORRIES
63%
Chot chai huajai khae ao ma lae gan Pay me by your lovе laew teu hay gan All I Need
50%
Thoe ko khae phut ma loei khae long-di
Phro chan nan rap-pra-kan wa khot di
Love in your heart man khap nai chai
Mai plot mai ploi ra-wang mai wai
Feel like me
50%
Chai chiwit gap kwam fan long meu tham duay dtua eng
Chai huajai bpai sang san kwam rusuek nan chadjen
Lui la leng wat phap gamnot sen thang khong chiwit
Dtae pho ying khao glai joot mai tammai ying mai chai yang ti kit
Fly High
50%
Kham wa rao nan ja mai mi wan hay bpai
Mae took took yang atja leuan hay
Ta chan mai mi wan lеum lae ter mai mi wan leum kwam ruseuk ni
LYKYOU
50%
Wa chan dtong ngo dtong kohtot yang ngai
Pro yang mai roo duay sam wa ter a grot dtrong nai
Prom tam took tang ter nan ja hai ter apai
Cause you're the one ti samkan in my life
UMM UMM
50%
Man mai took dtong reu khae mai took jai
Laew chiwit man khong phom reu wa khong khrai
Go jai man pud wa Ok
Ja hai fang khrai a No way!
Who Says
50%
jeep daai mai
rerm ley daai reu bplao
anu yaat chai reu bplao
yaak jeep ter dieow nee ley
Would you mind ?
50%
Ao su noi mai a, ao su noi mai a Puak rao took kon ya peung mod raeng ao su noi mai a HUI LAY HUI
38%
No matching quizzes found
Score Distribution
Percent of People with Each Score
Percentile by Number Answered
Your Score History
You have not taken this quiz